Loading...
| Current Events | 3 | 13.33 | 100% | 33% | 0% |
| Fine Arts - Classical Music | 5 | 14.00 | 80% | 60% | 0% |
| Fine Arts - Other Fine Arts | 2 | 5.00 | 50% | 0% | 0% |
| Fine Arts - Painting and Sculpture | 7 | 17.14 | 86% | 71% | 14% |
| Geography | 2 | 15.00 | 50% | 100% | 0% |
| History - American History | 8 | 17.50 | 100% | 75% | 0% |
| History - European History | 8 | 17.50 | 100% | 63% | 13% |
| History - Other History | 6 | 16.67 | 100% | 50% | 17% |
| History - World History | 8 | 13.75 | 100% | 25% | 13% |
| Literature - American Literature | 5 | 16.00 | 100% | 60% | 0% |
| Literature - British Literature | 8 | 21.25 | 100% | 75% | 38% |
| Literature - European Literature | 8 | 23.75 | 100% | 100% | 38% |
| Literature - World Literature | 5 | 20.00 | 100% | 60% | 40% |
| Mythology | 6 | 23.33 | 100% | 83% | 50% |
| Other Academic | 2 | 20.00 | 100% | 100% | 0% |
| Philosophy | 5 | 16.00 | 80% | 80% | 0% |
| Pop Culture | 2 | 20.00 | 100% | 50% | 50% |
| Religion | 3 | 20.00 | 100% | 67% | 33% |
| Science - Biology | 7 | 15.71 | 100% | 43% | 14% |
| Science - Chemistry | 9 | 14.44 | 100% | 33% | 11% |
| Science - Other Science | 9 | 11.11 | 89% | 22% | 0% |
| Science - Physics | 7 | 14.29 | 86% | 57% | 0% |
| Social Science | 5 | 12.00 | 100% | 20% | 0% |